Umenie miesta RS - 17.03-28.04.2006 : 10 rokov mestskej galérie v Rimavskej Sobote

Bibliographic Details
Other Authors: Garlatyová, Gabriela, 1974- (Curator), Zsélyi, Katalin (Translator)
Format: Book
Language:Slovak
Hungarian
Published: Rimavská Sobota Mestská galéria 2006
ISBN:8096947354 (brož.)
Edition:[1. vyd.]
Subjects:

MARC

LEADER 00000nam a22000005a 4500
001 vtls008982862
003 SK-MaSNL
005 20260426005051.0
008 070423s2006 xo o g c 000 0dslo
015 |a SNBE2008/01-00302 
020 |a 8096947354 (brož.) 
040 |a SNK  |b slo  |c SNK  |e AACR2 
041 0 |a slo  |a hun 
043 |a e-xo--- 
044 |a xo  |c SK 
072 7 |a 72/76  |x Výtvarné umenie  |2 konspekt 
080 |a 72/76  |2 2001 
080 |a (437.6)  |2 2001 
080 |a (083.824)  |2 2001 
245 0 0 |a Umenie miesta  |b RS - 17.03-28.04.2006 : 10 rokov mestskej galérie v Rimavskej Sobote  |c kurátorka výstavy, autorka textu: Gabriela Garlatyová ; preklad do maďarčiny: Katalin Zsélyi ; grafická úprava katalógu: Katarína Czikorová 
250 |a [1. vyd.] 
260 |a Rimavská Sobota  |b Mestská galéria  |c 2006 
500 |a Názov z obalu 
504 |a Biogr. údaje 
546 |a Súbež. text maď. 
610 2 7 |a Mestská galéria (Rimavská Sobota, Slovensko)  |2 SNKKA  |9 85915 
648 7 |a 20.-21. stor.  |2 SNKPH  |9 270701 
650 0 7 |a výtvarné umenie  |2 SNKPH  |9 723 
651 7 |a Slovensko  |2 SNKPH  |9 14231 
655 7 |a katalógy výstav  |2 SNKPH  |9 70445 
700 1 |a Garlatyová, Gabriela,  |d 1974-  |4 cur  |9 102130 
700 1 |a Zsélyi, Katalin  |4 trl  |9 646345 
700 1 |a Czikorová, Katarína  |4 bkd  |9 355060 
710 2 |a Mestská galéria (Rimavská Sobota, Slovensko)  |4 orm  |9 85915 
919 |a 80-969473-5-4 
958 |a HU 
958 |a NM 
999 |c 998713  |d 1000643 
952 |a SNK  |b SNK  |y PREZ  |7 0  |p 17A0549464  |o snkOSB 14843 D1  |i snk2007/10803  |8 0  |0 0  |1 0  |4 0  |d 2007-04-23  |l 0  |r 2026-02-24 12:11:16  |w 2026-02-24 
952 |a SNK  |b SNK  |y PREZ  |7 0  |p 17A0549462  |o snkOSB 14843  |i snk2007/10802  |8 0  |0 0  |1 0  |4 0  |d 2007-04-23  |l 0  |r 2026-02-24 12:11:16  |w 2026-02-24